| 000 | 00960cam a22002654a 4500 | ||
|---|---|---|---|
| 001 | 13031203 | ||
| 005 | 20250303084225.0 | ||
| 008 | 021216s2004 paua 001 0 eng | ||
| 020 | _a9780781736961 | ||
| 050 | 0 | 0 |
_aRM301.28 _b.S34 2004 |
| 082 | 0 | 0 |
_a615.5/8 _221 |
| 100 | 1 | _aRoach, Sally S. | |
| 245 | 1 | 0 |
_aIntroductory clinical pharmacology / _cSally S. Roach. |
| 250 | _a7th ed. | ||
| 260 |
_aPhiladelphia : _bLippincott Williams & Wilkins, _cc2004. |
||
| 300 |
_axii, 708 p. : _bcol. ill. ; _c28 cm. + _e1 CD-ROM (4 3/4 in.) |
||
| 500 | _aIncludes index. | ||
| 650 | 0 | _aClinical pharmacology. | |
| 650 | 0 | _aNursing. | |
| 650 | 1 | 2 |
_aPharmacology, Clinical _vNurses' Instruction. |
| 650 | 2 | 2 |
_aDrug Therapy _vNurses' Instruction. |
| 650 | 2 | 2 |
_aPharmaceutical Preparations _xadministration & dosage _vNurses' Instruction. |
| 856 | 4 | 2 |
_3Publisher description _uhttp://www.loc.gov/catdir/enhancements/fy0711/2002043393-d.html |
| 942 |
_2lcc _cBK _e7th ed. _n0 |
||
| 999 |
_c4455 _d4455 |
||